Statistics for Transportation In Song

Click here to take the quiz!

General Stats

  • This quiz has been taken 15 times
  • The average score is 16 of 21

Answer Stats

Song Hint Answer % Correct
_________ Of Broken DreamsGreen Day(2004)Boulevard
100%
Leaving On A Jet _____Peter, Paul, & Mary(1967)Plane
100%
Magic ___The Who(1970)Bus
100%
_______ Over Troubled WatersSimon & Garfunkel(1970)Bridge
100%
________ To HeavenLed Zeppelin(1971)Stairway
100%
Yellow __________The Beatles(1966)Submarine
100%
Life In The Fast ____Eagles(1976)Lane
100%
______ ManElton John(1972)Rocket
92%
A _____ With No NameAmerica(1971)Horse
92%
________ RaceQueen(1978)Bicycle
92%
___ AirlinerSteve Miller Band(1977)Jet
83%
____ingChristopher Cross(1979)Sail
83%
Love In An ________Aerosmith(1989)Elevator
75%
____ of FoolsWorld Party(1986)Ship
75%
_____ Kept A Rollin'Bo Diddley(?) Yardbirds(1965) Aerosmith(1974)Train
75%
_____in'Grateful Dead(1970)Truck
67%
________ StarDeep Purple(1972)Highway
50%
_____ Cross the MerseyGerry & the Pacemakers(1965)Ferry
50%
Dream____ AnnieHeart(1975)Boat
42%
V_______The Ides of March(1970)Vehicle
8%
___________ To Your HeartSoul Survivors(1967)Expressway
8%

Score Distribution

Percentile by Number Answered

Percent of People with Each Score

Your Score History

You have not taken this quiz